000 00684nam a22002057a 4500
999 _c11636
_d11636
003 OSt
005 20200228142146.0
008 181214b ||||| |||| 00| 0 eng d
022 _a00116009
040 _c0
082 _aDPer 792.805 D19 Mar-Aug 2016 v. 90, n. 3-8
100 _aSadan, Josie G.
_933287
245 _aDance degrees, rebooted:
_bcolleges are rethinking how they prepare students for sustainable dance careers/
_cJosie G. Sadan.
260 _aNew York:
_bDance Media,
_c©Mar-Aug 2016.
300 _av90 n8, pages 29-30.
_bcolored illustration:
_c25 cm.
500 _aDance magazine.
650 _aDance
_zCareer.
_933288
650 _aDance
_933289
942 _2ddc
_cPER